History Quiz

Random History or Politics Quiz

Who replaced him(politics) Quiz Stats

 Plays Quiz not verified by Sporcle

Score 0/20 Timer 10:00
0 Plays Today
Politician replacement % Correct
Eleanor RooseveltBess Truman
88%
Spiro AgnewGerald Ford
85.5%
Barry GoldwaterJohn McCain
67.5%
King SaulDavid
60.2%
Earl WarrenWarren Burger
53%
Ronald ReaganJerry Brown
44.6%
Winston ChurchillClement Attlee
42.2%
Juan PeronIsabel Peron
33.7%
Thomas EagletonSergeant Shriver
32.5%
Anwar El SadatHosni Mubarak
30.1%
Politician replacement % Correct
Robert ByrdDaniel Inouye
28.9%
George WallaceLurleen Wallace
19.3%
Adolf HitlerJoseph Goebbels
13.3%
Lyndon JohnsonMike Mansfield
10.8%
Sam RayburnJohn McCormack
8.4%
Pierre Elliot TrudeauJoe Clark
8.4%
Nelson RockefellerMalcolm Wilson
7.2%
Mao ZedungHua Guofeng
6%
George H. W. BushStansfield Turner
1.2%
Charles DegaulleValery Giscard-D'estang
0%

You're not logged in!

Compare scores with friends on all Sporcle quizzes.
OR
Log In

Show Comments

Extras

Top Quizzes Today


Score Distribution

Your Account Isn't Verified!

In order to create a playlist on Sporcle, you need to verify the email address you used during registration. Go to your Sporcle Settings to finish the process.

Report this User

Report this user for behavior that violates our Community Guidelines.

Details: